000 01451nam a2200361 a 4500
001 ebr10676602
003 CaPaEBR
006 m u
007 cr cn|||||||||
008 110729s2012 nyuad sb 001 0 eng d
010 _z 2011025574
020 _z9781614706434 (hardcover : alk. paper)
020 _z9781614707608 (e-book)
040 _aCaPaEBR
_cCaPaEBR
035 _a(OCoLC)847617154
050 1 4 _aRA1242.T6
_bS613 2012eb
082 0 4 _a613.85
_223
245 0 0 _aSmoking
_h[electronic resource] :
_bhealth effects, psychological aspects and cessation /
_cItsuki Hayashi, editor.
260 _aHauppauge, N.Y. :
_bNova Science Publishers, Inc.,
_cc2012.
300 _ax, 153 p. :
_bill.
490 1 _aPublic health in the 21st century
504 _aIncludes bibliographical references and index.
533 _aElectronic reproduction.
_bPalo Alto, Calif. :
_cebrary,
_d2013.
_nAvailable via World Wide Web.
_nAccess may be limited to ebrary affiliated libraries.
650 0 _aTobacco
_xToxicology.
650 0 _aSmoking
_xHealth aspects.
650 0 _aTobacco
_xPhysiological effect.
650 0 _aTobacco
_xPsychological aspects.
655 7 _aElectronic books.
_2local
700 1 _aHayashi, Itsuki.
710 2 _aebrary, Inc.
830 0 _aPublic health in the 21st century series.
856 4 0 _uhttp://site.ebrary.com/lib/rucke/Doc?id=10676602
_zAn electronic book accessible through the World Wide Web; click to view
999 _c58410
_d58410